Statistics for 交通系ICカードの名前(JR・大手私鉄のみ版)

Click here to take the quiz!

General Stats

  • This quiz has been taken 29 times
  • The average score is 8 of 10

Answer Stats

AnswerHint% Correct
SUICA/Suica/スイカJR東日本
100%
ICOCA/イコカJR西日本
93%
PASMO/パスモ首都圏の大手私鉄・地下鉄各社
93%
SUGOCA/スゴカJR九州
86%
TOICA/トイカJR東海
82%
はやかけん福岡市交通局
79%
KITACA/Kitaca/キタカJR北海道
79%
nimoca/ニモカ西鉄
75%
PiTaPa/ピタパ関西の大手私鉄・地下鉄各社
68%
manaca/マナカ名古屋市交通局・名鉄・豊橋鉄道など
64%

Score Distribution

Percentile by Number Answered

Percent of People with Each Score

Your Score History

You have not taken this quiz